000 00559nam a2200181Ia 4500
008 151018s9999 xx 000 0 und d
082 _bRBASDV60072
_a891.434
100 _aविजय अग्रवाल
245 _aआज के निबंध
250 _b1
260 _bकिरण प्रकाशन
_c2012
300 _a355
600 _aविजय अग्रवाल
630 _aआज के निबंध
700 _aविजय अग्रवाल
730 _aआज के निबंध
942 _cBOOK
999 _c1053665
_d1053662